The next step season 6 (up to episode 14) - Statistics

General Stats
  • This quiz has been taken 1,224 times
  • The average score is 11 of 15
Answer Stats
Hint Answer % Correct
Who leaves TNS to join AcroNation? Amy
89%
Who replaces Michelle and Emily as studio head? Miss Angela
88%
Who is bullied by Miss Angela beacuse she can't do do an ariel? Piper
88%
Who is currently dating Jacquie? Noah
87%
Who has a crush on Piper? Finn
86%
Who is also known as "Dance-Zilla" Richelle
82%
Who competes for the 5 point advantage in female solo for TNS? Summer
81%
Other than Miss Angela, who says "when in doubt, wink it out!? Lily
80%
Who competes with Elliot in a dance battle? Ozzy
80%
Who is a new cast member playing Jacquie's sister? Davis
79%
Who nicknamed Amy "Twinkle Toes"? Ty
76%
Who is known as "Electric....." at the TNS prom? Eldon
75%
Who gets Latroy back to help with their dancing? Kingston
58%
Who is the "Goddess" tutting queen who runs a workshop at the dance convention? Dytto
43%
According to the TNS cool down, who runs Shakes and Ladders? Smoothie Steve
10%
No matching quizzes found
Score Distribution
Percent of People with Each Score
Percentile by Number Answered
Your Score History
You have not taken this quiz